书目信息 |
| 书名: | Logic and computer design fundametals | |
| 作者: | M.Morris Mano. | |
| 分册号: | ||
| 分册名: | 出版地: | NEW JERSEY : |
|
| 出版社: | Prentice-hall | |
| 出版时间: | 1997. | |
| 页数: | 604 p. ; | |
| 开本: | 24cm. | |
| 丛书名: | ||
| 中图分类号: | ||
| 科图分类号: | ||
| 其他分类号: | TP331.1 | |
| 主题词: | ||
| 电子资源: | ||
| 000 | 00413nam 2200145 a 4500 | |
| 001 | E0431943526 | |
| 005 | 2004121608522351 | |
| 008 | 041216s1997 00010 eng | |
| 020 | @a0-131-82098-2 :@cRMB 12.00. | |
| 040 | @aPFT@beng | |
| 090 | @aTP331.1 | |
| 099 | @dTP331.1@eM2661 | |
| 245 | @aLogic and computer design fundametals / @cM.Morris Mano. | |
| 260 | @aNEW JERSEY :@bPrentice-hall,@c1997. | |
| 300 | @a604 p. ;@c24cm. | |
| Logic and computer design fundametals / / M.Morris Mano.-NEW JERSEY : : Prentice-hall, , 1997. |
| 604 p. ; ; 24cm. |
| ISBN 0-131-82098-2 :RMB 12.00. |
| ● |
| 相关链接 |
|
|
|
正题名:Logic and computer design fundametals
索取号:TP331.1/M2661
 
预约/预借
| 序号 | 登录号 | 条形码 | 馆藏地/架位号 | 状态 | 备注 |
| 1 | 04356 | 300043566 | 自科库301/301自科库 60排5列4层/ [索取号:TP331.1/M2661] | 在馆 |